| 000 | 00407nam a2200169Ia 4500 | ||
|---|---|---|---|
| 008 | 230524s9999 xx 000 0 und d | ||
| 020 | _a97881990691911 | ||
| 082 | _bSHA | ||
| 100 | _aSanjay Sharma | ||
| 245 | 0 | _aOp Amps and Linear Integrated Circuits | |
| 250 | _a1 | ||
| 260 |
_aNew Delhi _bKatson _c2016 |
||
| 300 | _a549p; | ||
| 500 | _aQuantity Number: 1 | ||
| 650 | _aElectronics | ||
| 942 | _cBK | ||
| 999 |
_c57719 _d57719 |
||